000 00570nam a2200169 i 4500
001 172504
003 ES-MaACL
005 20230906214934.0
008 090713s1966 fr |||| | fre d
080 _a821.133.1-31"18"
100 0 _aLorrain, Jean.
_974232
245 1 0 _aMonsieur de Phocas
_b: Astarté /
_cJean Lorrain ; présentation par Hubert Juin.
260 _a[Paris] :
_bLe Livre Club du Libraire,
_c[1966]
300 _a256 p. ;
_c21 cm.
700 0 _aJuin, Hubert.
_967208
852 _aES-MaACL
_jE-12822
_9R.139304
_z.- Biblioteca Jacinto Martínez Lacalle
999 _c172504
_d172504